NBA team quizzes Milwaukee Bucks - Statistics

General Stats
  • This quiz has been taken 63 times
  • The average score is 9 of 12
Answer Stats
Hint Answer % Correct
scoring leader Giannis Antetokounmpo
100%
rebounds leader Giannis Antetokounmpo
93%
how many finals appearances do they have 3
91%
how many jerseys have they retired (if you include Giannis) 10
89%
when was their most recent ring (say never if they didn't get one) 2021
89%
how many rings do they have 2
88%
assists leader Giannis Antetokounmpo
88%
what number did Giannis antetoawufohaw wear for the bucks 34
84%
blocks leader Giannis Antetokounmpo
84%
what number did Kareem Abdul-Jabbar wear for the Bucks 33
77%
what was their most recent jersey retirement (say none if they never retired one) Marques Johnson
16%
steals leader Quinn Buckner
16%
No matching quizzes found
Score Distribution
Percent of People with Each Score
Percentile by Number Answered
Your Score History
You have not taken this quiz